<?xml version="1.0" encoding="UTF-8"?>
<record
    xmlns:xsi="http://www.w3.org/2001/XMLSchema-instance"
    xsi:schemaLocation="http://www.loc.gov/MARC21/slim http://www.loc.gov/standards/marcxml/schema/MARC21slim.xsd"
    xmlns="http://www.loc.gov/MARC21/slim">

  <leader>03134nam a2200337 a 4500</leader>
  <controlfield tag="001">BRCA_2816</controlfield>
  <controlfield tag="005">20190320204001.0</controlfield>
  <controlfield tag="008">091208s1911----sp-#---###---#000-0#spa-u</controlfield>
  <datafield tag="041" ind1=" " ind2=" ">
    <subfield code="a">spa</subfield>
  </datafield>
  <datafield tag="044" ind1=" " ind2=" ">
    <subfield code="a">sp</subfield>
  </datafield>
  <datafield tag="084" ind1=" " ind2=" ">
    <subfield code="a">260</subfield>
    <subfield code="b">.L438</subfield>
    <subfield code="c">1911</subfield>
  </datafield>
  <datafield tag="100" ind1="1" ind2=" ">
    <subfield code="a">Cervantes Saavedra, Miguel de</subfield>
    <subfield code="d">1547-1616</subfield>
    <subfield code="9">213</subfield>
  </datafield>
  <datafield tag="245" ind1="1" ind2="0">
    <subfield code="a">El Ingenioso Hidalgo Don Quijote de la Mancha</subfield>
    <subfield code="c">Miguel de Cervantes Saavedra.</subfield>
  </datafield>
  <datafield tag="260" ind1=" " ind2=" ">
    <subfield code="a">Madrid</subfield>
    <subfield code="b">Ediciones de la Lectura</subfield>
    <subfield code="c">1911</subfield>
  </datafield>
  <datafield tag="300" ind1=" " ind2=" ">
    <subfield code="a">8 v.</subfield>
    <subfield code="c">24 cm.</subfield>
  </datafield>
  <datafield tag="440" ind1=" " ind2="0">
    <subfield code="a">Cl&#xE1;sicos castellanos</subfield>
    <subfield code="9">7901</subfield>
  </datafield>
  <datafield tag="500" ind1=" " ind2=" ">
    <subfield code="a">Contenido : v 1. Primera parte. Pr&#xF3;logo de F. Rodr&#xED;guez Mar&#xED;n. Dedicatoria del autor. Pr&#xF3;logo del autor. Versos preliminares. Texto. -- v 2. Texto. -- v 3. Texto. -- v 4. Texto. -- v 5. Segunda parte. Dedicatoria del autor. Pr&#xF3;logo del autor. Texto. -- v 6. Texto. -- v 7. Texto. -- v 8. Texto</subfield>
  </datafield>
  <datafield tag="500" ind1=" " ind2=" ">
    <subfield code="a">Edici&#xF3;n : Edici&#xF3;n y notas de Francisco Rodr&#xED;guez Mar&#xED;n de la R. Academia Espa&#xF1;ola</subfield>
  </datafield>
  <datafield tag="500" ind1=" " ind2=" ">
    <subfield code="a">Otra de las m&#xE1;s notables ediciones publicadas hasta esos d&#xED;as. Rodr&#xED;guez Mar&#xED;n, uno de los m&#xE1;s prominentes cervantistas espa&#xF1;oles, tanto por su vasta erudici&#xF3;n como por la amplitud de sus estudios y ocupaciones -decic&#xF3; 40 a&#xF1;os a la indagaci&#xF3;n cervantina, fue abogado, periodista, poeta, investigador, director de la Biblioteca Nacional, y cr&#xED;tico literario- aport&#xF3; mucho al esclarecimineto de las minucias hist&#xF3;ricas y literarias de la &#xE9;poca filipina con sus prolijas notas. Por otra parte, contribuy&#xF3; no poco a la aclaraci&#xF3;n de ciertos aspectos de la vida de Cervantes con el descubrimiento de numerosos documentos nuevos. El texto de su edici&#xF3;n fue durante mucho tiempo considerado como el m&#xE1;s depurado. Mas, &#xFA;ltimamente se le critica de haber incurrido con frecuencia en los mismos errores que reprochaba a sus predecesores, sobre todo, a Clemenc&#xED;n. Adem&#xE1;s, como conservador, aunque moderado y serio, se fijaba mucho m&#xE1;s en la letra que en el esp&#xED;ritu y contenido de la novela, habi&#xE9;ndola considerando como mero libro de entretenimiento y buen decir. Su conservadurismo se manifiesta en su afirmaci&#xF3;n, seg&#xFA;n la cual, la Inquisici&#xF3;n pr&#xE1;cticamente no habr&#xED;a tocado la obra, a pesar de que el Santo Oficio portugu&#xE9;s -a la saz&#xF3;n dependiente del espa&#xF1;ol por formar parte Portugal del Imperio de los Austrias- hab&#xED;a mandado expurgar por lo menos doce pasajes, la mayor&#xED;a de los cuales eran poco respetuosos para con la Iglesia cat&#xF3;lica y sus ministros. La impresi&#xF3;n hecha sobre el papel pluma, con tipos finos y claros, es excelente. R&#xFA;stica L&#xFA;dovik Osterc</subfield>
  </datafield>
  <datafield tag="500" ind1=" " ind2=" ">
    <subfield code="a">Estado f&#xED;sico : La encuadernaci&#xF3;n del primer vol&#xFA;men es de papel</subfield>
  </datafield>
  <datafield tag="500" ind1=" " ind2=" ">
    <subfield code="a">Existencias : Ejemplar numerado con el folio 117</subfield>
  </datafield>
  <datafield tag="500" ind1=" " ind2=" ">
    <subfield code="a">QM1169</subfield>
  </datafield>
  <datafield tag="650" ind1="1" ind2="4">
    <subfield code="a">Novela espa&#xF1;ola</subfield>
    <subfield code="y">&#xC9;poca cl&#xE1;sica, 1500-1700</subfield>
    <subfield code="9">215</subfield>
  </datafield>
  <datafield tag="650" ind1="1" ind2="4">
    <subfield code="a">Literatura espa&#xF1;ola</subfield>
    <subfield code="y">&#xC9;poca cl&#xE1;sica, 1500-1700</subfield>
    <subfield code="9">216</subfield>
  </datafield>
  <datafield tag="650" ind1="1" ind2="4">
    <subfield code="a">Novela espa&#xF1;ola</subfield>
    <subfield code="y">Siglo XVII</subfield>
    <subfield code="9">217</subfield>
  </datafield>
  <datafield tag="650" ind1="1" ind2="4">
    <subfield code="a">Don Quijote (Personaje ficticio)</subfield>
    <subfield code="e">Novela</subfield>
    <subfield code="9">218</subfield>
  </datafield>
  <datafield tag="700" ind1="1" ind2=" ">
    <subfield code="a">Rodr&#xED;guez Mar&#xED;n, Francisco</subfield>
    <subfield code="d">1855-1945</subfield>
    <subfield code="e">Anotador</subfield>
    <subfield code="9">7902</subfield>
  </datafield>
  <datafield tag="740" ind1="0" ind2=" ">
    <subfield code="a">El Ingenioso Hidalgo Don Quijote de la Mancha</subfield>
  </datafield>
  <datafield tag="902" ind1=" " ind2=" ">
    <subfield code="a">QFM</subfield>
  </datafield>
  <datafield tag="942" ind1=" " ind2=" ">
    <subfield code="2">lcc</subfield>
    <subfield code="c">B</subfield>
  </datafield>
  <datafield tag="999" ind1=" " ind2=" ">
    <subfield code="c">2556</subfield>
    <subfield code="d">2556</subfield>
  </datafield>
  <datafield tag="952" ind1=" " ind2=" ">
    <subfield code="0">0</subfield>
    <subfield code="1">0</subfield>
    <subfield code="4">0</subfield>
    <subfield code="7">0</subfield>
    <subfield code="a">BRCA</subfield>
    <subfield code="b">BRCA</subfield>
    <subfield code="d">2008-12-09</subfield>
    <subfield code="i">QM1169</subfield>
    <subfield code="l">0</subfield>
    <subfield code="o">260 .L438 1911 (QM1169)</subfield>
    <subfield code="p">2813</subfield>
    <subfield code="r">2019-03-22 00:00:00</subfield>
    <subfield code="w">2019-03-22</subfield>
    <subfield code="y">B</subfield>
  </datafield>
</record>
